02257cam a22002895a 4500999001700000005001700017008004100034020001800075040003600093043001200129082002300141245010800164250002200272260005400294300003300348490004700381504005200428520105300480650005901533650005001592651007201642653002201714700004001736700004001776942000801816952014301824 c27267d2723820190321103539.0180201t2018 enka frb 001 0 eng d a9781316610053 aStDuBDSbengcStDuBDSdEG-ScBUE ama-----04a320.91724bPAR22200aParties, movements, and democracy in the developing world /cedited by Nancy Bermeo, Deborah J. Yashar. a1st paperback ed. aCambridge :bCambridge University Press,cc.2018. axi, 227 p. :bill. ;c24 cm.0 aCambridge studies in contentious politics. aIncludes bibliographical references and index.  aThis volume analyzes regime politics in the developing world. By focusing on the civilian, collective actors that forge democracy and sustain it, this book moves beyond materialist arguments focusing on GDP, poverty, and inequality. With case material from four continents, this volume emphasizes the decisive role played by parties and movements in forging democracy against the odds. These pivotal collectivities are consistently the key civilian collectivities that successfully mobilized for democracy, that helped forge enduring democratic institutions, and that shaped the quality of the democracies that emerged; they are the ones tasked with mobilizing along a range of social cleavages, confronting seemingly inhospitable conditions, and coordinating the process of regime change. While the presence of parties and movements alone is not sufficient to explain democracy, their absence is detrimental to enduring democratic regimes. Thus, this volume refocuses our attention on parties and movements as critical mechanisms of regime change. 7aPolitical partieszDeveloping countries.2BUEsh928846 7aDemocracyzDeveloping countries.2BUEsh93712 7aDeveloping countriesxPolitics and governmenty21st century.2BUEsh bBUSBOLcMarch20191 aBermeo, Nancy Gina,d1951-eeditor.1 aYashar, Deborah J.,d1963-eeditor. 2ddc 00102ddc40708AlahramaMAINbMAINc1STd2019-03-20ePurchaseg469.00h526l0o320.91724 PARp000043275r2025-07-15 00:00:00v586.25yBB